000 00325nam a22001097a 4500
020 _a9781781634141
245 _aEncyclopaedia of The Rule of Law, Islam and Constitutional Politics /
_cEdited by Derrick Miller
260 _aLondon:
_bKoros Press Limited,
_c2015.
300 _a3 Volume Set
563 _aHB.
942 _2ddc
_cBK
999 _c613808
_d613808